Interpretación de mapas de los atlas lingüísticos románicos / A. Griera
Publicado:
San Cugat del Vallés :
Instituto Internacional de Cultura Románica de la Excma. Diputación Provincial de Barcelona ,
1968
Descripción Física:
55 p. ; 25 cm
Colección:
Biblioteca filológica histórica ; 24
Materias:
Llengües romàniques -- Mapes
MARC
| LEADER | 00000nam a2200000Ia 4500 | ||
|---|---|---|---|
| 001 | 1675 | ||
| 008 | 160829s1968 xx 000 0 cat d | ||
| 080 | |a L-1-39 | ||
| 100 | 1 | |a Griera, A. |q (Antoni), |d 1887-1973 |9 36434 | |
| 245 | |a Interpretación de mapas de los atlas lingüísticos románicos / A. Griera | ||
| 260 | |a San Cugat del Vallés : |b Instituto Internacional de Cultura Románica de la Excma. Diputación Provincial de Barcelona, |c 1968 | ||
| 300 | |a 55 p. ; |c 25 cm | ||
| 490 | |a Biblioteca filológica histórica ; 24 | ||
| 650 | |a Llengües romàniques |x Mapes |9 24900 | ||
| 710 | 1 | |a Barcelona (Catalunya : Província). |b Diputació |9 52408 | |
| 710 | 2 | |a Instituto Internacional de Cultura Románica |9 54313 | |
| 901 | |a Arxiu | ||
| 942 | |n 1 | ||
| 952 | |0 0 |1 0 |4 0 |6 L139 |7 1 |9 43367 |a Arxiu |b Arxiu |d 2016-12-01 |l 0 |o L-1-39 |p 1675 |r 2016-12-01 00:00:00 |w 2016-12-01 |y ARXIU | ||
| 999 | |c 45912 |d 45912 | ||